Siege of Khartoum / (Record no. 328557)

000 -LEADER
fixed length control field 01008cam a2200313 i 4500
001 - CONTROL NUMBER
control field 16528961
003 - CONTROL NUMBER IDENTIFIER
control field Nust
005 - DATE AND TIME OF LATEST TRANSACTION
control field 20170412102418.0
008 - FIXED-LENGTH DATA ELEMENTS--GENERAL INFORMATION
fixed length control field 101102t20092009enkb 000 1 eng
010 ## - LIBRARY OF CONGRESS CONTROL NUMBER
LC control number 2010502987
020 ## - INTERNATIONAL STANDARD BOOK NUMBER
International Standard Book Number 9780755345601 (pbk.)
040 ## - CATALOGING SOURCE
Original cataloging agency DLC
Language of cataloging eng
Transcribing agency DLC
Modifying agency DLC
Description conventions rda
042 ## - AUTHENTICATION CODE
Authentication code pcc
043 ## - GEOGRAPHIC AREA CODE
Geographic area code f-sj---
050 00 - LIBRARY OF CONGRESS CALL NUMBER
Classification number PR6123.I534
Item number S45 2009
082 00 - DEWEY DECIMAL CLASSIFICATION NUMBER
Classification number 823.92
Author Mark WIL
100 1# - MAIN ENTRY--PERSONAL NAME
Personal name Wilcox, John,
Dates associated with a name 1931-
245 10 - TITLE STATEMENT
Title Siege of Khartoum /
Statement of responsibility, etc. John Wilcox.
260 ## - PUBLICATION, DISTRIBUTION, ETC.
Place of publication, distribution, etc. London :
Name of publisher, distributor, etc. Headline,
Date of publication, distribution, etc. 2009,
300 ## - PHYSICAL DESCRIPTION
Extent 468 pages :
Other physical details map ;
Dimensions 20 cm
336 ## - CONTENT TYPE
Content type term text
Source rdacontent
337 ## - MEDIA TYPE
Media type term unmediated
Source rdamedia
338 ## - CARRIER TYPE
Carrier type term volume
Source rdacarrier
600 10 - SUBJECT ADDED ENTRY--PERSONAL NAME
Personal name Gordon, Charles George,
Dates associated with a name 1833-1885
Form subdivision Fiction.
651 #0 - SUBJECT ADDED ENTRY--GEOGRAPHIC NAME
Geographic name Khartoum (Sudan)
General subdivision History
Chronological subdivision Siege, 1884-1885
Form subdivision Fiction.
655 #7 - INDEX TERM--GENRE/FORM
Genre/form data or focus term War stories.
Source of term gsafd
655 #7 - INDEX TERM--GENRE/FORM
Genre/form data or focus term Historical fiction.
Source of term gsafd
906 ## - LOCAL DATA ELEMENT F, LDF (RLIN)
a 7
b cbc
c orignew
d 2
e ncip
f 20
g y-gencatlg
942 ## - ADDED ENTRY ELEMENTS (KOHA)
Source of classification or shelving scheme
Koha item type Book
Holdings
Withdrawn status Lost status Source of classification or shelving scheme Damaged status Not for loan Permanent Location Current Location Shelving location Date acquired Total Checkouts Full call number Barcode Date last seen Date last checked out Copy number Price effective from Koha item type
          Central Library (CL) Central Library (CL) Fiction 04/12/2017 1 823.92 WIL CL1084 01/29/2022 12/26/2018 1 04/12/2017 Book
© 2023 Central Library, National University of Sciences and Technology. All Rights Reserved.